| 000 | 01272nam0a22002771 4500 | ||
|---|---|---|---|
| 001 | rc\2743317 | ||
| 005 | 20110915170025.9 | ||
| 035 | _a(NLR Aleph) 006870428 | ||
| 090 |
_a6941437 _c6941437 |
||
| 100 | _a20110915d1939 |||y0rusy50 ca | ||
| 101 | 0 | _arus | |
| 102 | _aRU | ||
| 105 | _ay z ||||| | ||
| 200 | 1 |
_aСборник программ производственной практики для специальности "Прядение лубяных волокон" _fИнж. Г. А. Шептунов _gНКТекстильпром СССР. Глав. упр. учеб. заведениями |
|
| 210 |
_aЛенинград _aМосква _cГизлегпром _d1939 |
||
| 215 |
_a22, [2] с. _d22 см. |
||
| 300 | _aНапеч. в Серпухове | ||
| 300 | _aАвт. 1 и 3 программы: инж. Г. А. Шептунов | ||
| 300 | _aБез тит. л. Описано по обл. | ||
| 702 | 1 |
_aШептунов _bГ. А. _4570 |
|
| 710 | 0 | 1 |
_aСССР _bНародный комиссариат текстильной промышленности _bГлавное управление подсобных предприятий |
| 801 | 0 |
_aRU _bNLR _gpsbo |
|
| 801 | 1 |
_aRU _bELAR _2rusmarc |
|
| 852 |
_aNLR _j39-11/2887 |
||
| 942 | _cBOOK | ||
| 980 | _aNB | ||